The law and parliament. / (Record no. 4686)
[ view plain ]
| 000 -LEADER | |
|---|---|
| fixed length control field | 01149nam a22001457a 4500 |
| 008 - FIXED-LENGTH DATA ELEMENTS--GENERAL INFORMATION | |
| fixed length control field | 140911b xxu||||| |||| 00| 0 eng d |
| 020 ## - INTERNATIONAL STANDARD BOOK NUMBER | |
| International Standard Book Number | 0406980926 |
| 050 ## - LIBRARY OF CONGRESS CALL NUMBER | |
| Classification number | KD3989.L41 |
| 245 ## - TITLE STATEMENT | |
| Title | The law and parliament. / |
| Statement of responsibility, etc. | edited by Dawn Oliver |
| 260 ## - PUBLICATION, DISTRIBUTION, ETC. | |
| Place of publication, distribution, etc. | London: |
| Name of publisher, distributor, etc. | Butterworths, |
| Date of publication, distribution, etc. | 1998. |
| 300 ## - PHYSICAL DESCRIPTION | |
| Extent | xvii,219p.: |
| Dimensions | 23cm. |
| 505 ## - FORMATTED CONTENTS NOTE | |
| Formatted contents note | Contents: Chapter 1: The law and parliament -- Chapter 11 : The autonomy of parliament -- Chapter III : Parliament accountability for the administration of justice -- Chapter IV: Statute law and case law applicable to parliament -- Chapter V:The application of the civil and criminal law to members of parliament and parliamentary proceedings -- Chapter VI: Legal advice and representation for parliament -- Chapter VII:The law relating to members conduct -- Chapter VIII:The parliamentary ombudsman: a successful alternative? -- Chapter IX: Hansard and the interpretation of statutes -- Chapter X: Lawyers in parliament -- Chapter XI: Parliament and human rights -- Chapter XII: Legal aspect of relations between the United Kingdom and Scottish parliaments |
| 700 ## - ADDED ENTRY--PERSONAL NAME | |
| Personal name | Oliver, Dawn, Drewry, Gavin |
| 942 ## - ADDED ENTRY ELEMENTS (KOHA) | |
| Source of classification or shelving scheme | Library of Congress Classification |
| Koha item type | Books |
| Withdrawn status | Lost status | Source of classification or shelving scheme | Damaged status | Not for loan | Home library | Current library | Shelving location | Date acquired | Total Checkouts | Full call number | Barcode | Date last seen | Copy number | Price effective from | Koha item type |
|---|---|---|---|---|---|---|---|---|---|---|---|---|---|---|---|
| Library of Congress Classification | WISCONSIN INTERNATIONAL UNIVERSITY COLLEGE, GHANA - MAIN LIBRARY | WISCONSIN INTERNATIONAL UNIVERSITY COLLEGE, GHANA - MAIN LIBRARY | Law Library | 11/09/2014 | KD3989.L41 | 183/13 | 11/09/2014 | 1 | 11/09/2014 | Books |
